Lover and the Preacher. (Record no. 8000)

MARC details
000 -LEADER
fixed length control field 00567nam a2200241 a 4500
020 ## - INTERNATIONAL STANDARD BOOK NUMBER
ISBN
082 00 - DEWEY DECIMAL CLASSIFICATION NUMBER
Classification number 223.9
Author Cutter HAR
100 ## - MAIN ENTRY--AUTHOR NAME
Author name Harlow, R E
245 ## - TITLE STATEMENT
Title Lover and the Preacher.
260 ## - PUBLICATION, DISTRIBUTION, ETC. (IMPRINT)
Place of publication Canada
Name of publisher Every Day Publications
Year of publication 1985
300 ## - PHYSICAL DESCRIPTION
Number of Pages 78p
500 ## - GENERAL NOTE
General note includes index and biblioraphy
505 2# - FORMATTED CONTENTS NOTE
Formatted contents note Index
650 ## - SUBJECT ADDED ENTRY--TOPICAL TERM
Topical Term Bible O.T. Songs
942 ## - ADDED ENTRY ELEMENTS (KOHA)
Koha item type Books
700 1# -
-- Harlow, R E
Holdings
Collection code Home library Current library Date acquired Cost, normal purchase price Full call number Accession Number Koha item type
  Henry Martyn Institute Library Henry Martyn Institute Library 06/19/2007 0.95 223.9 HAR 012237 Books
                   Copyright © 2026 | Henry Martyn Institute | Hyderabad | TS-500052 | INDIA | Implemented by hmi.edu.in
Hit-Count:

Powered by Koha